000 00350nam a2200145Ia 4500
005 20251222153601.0
008 251222s9999||||xx |||||||||||||| ||spa||
020 _a9980254278
082 _a800/A64
100 _aApeciti, Ennio
245 0 _aGianna Berretta Molla, Amare la Vita
250 _a1ra.ed.
264 _bCentro Ambrosiano
942 _cLIB
999 _c31247
_d31247